| 000 | 00406nam a2200169Ia 4500 | ||
|---|---|---|---|
| 008 | 170705s9999 xx 000 0 und d | ||
| 020 | _a590200275 | ||
| 245 | _aWhoever you are / | ||
| 245 | _cMem Fox ; illustrated by Leslie Staub. | ||
| 260 | _aNew York : | ||
| 260 | _bScholastic, | ||
| 260 | _c1997 | ||
| 300 | _aunpaged : | ||
| 300 | _bcolor illustration ; | ||
| 300 | _c24cm. | ||
| 500 | _a280 | ||
| 999 |
_c336845 _d336845 |
||